000 00697cab a2200253 4500
001 ABS59488
008 090401t1998 xxu||||| |||| 00| 0 eng d
035 _a(Sirsi) u89058
041 _aeng
100 _aChapman, T
245 _aBeneath the sod
260 _c1998
350 _a0
490 _aArchitects` Journal
_v208(11) 24 September 1998, 64(1)
520 _aExplains the elements of a good site investigation as well as key advice and specification documents.
650 _aDESK STUDIES
650 _aGROUND CONDITIONS
650 _aGUIDANCE
650 _aSITE INVESTIGATIONS
650 _aSPECIFICATIONS
690 _aLAND SURVEYING
942 _n0
948 _c16/10/1998
999 _c56325
_d56325